| 000 | 00563 a2200169 4500 | ||
|---|---|---|---|
| 999 |
_c9861 _d9861 |
||
| 022 | _Ino issn | ||
| 050 | _aKNS 3411 JUD 2020 | ||
| 100 |
_aInternational Commission of Jurists (I.C.J.) _eCorporate and editorial board |
||
| 245 |
_aJudicial accountability _cInternational Commission of Jurists (I.C.J.) |
||
| 264 |
_aSwitzerland: _bI.C.J. _c2020 |
||
| 300 |
_a275p.: _bcol. |
||
| 500 | _aIncludes bibliographical references and index | ||
| 650 | _aJudges | ||
| 650 | _aJudicial process | ||
| 650 | _aJudicial Independence | ||
| 942 |
_2lcc _cSERIALS _h3411 _iJUD _kKNS |
||